00720nam a2200217 450000500170000001000150001702000260003203500140005803700090007208200130008110000360009424501030013025000060023326000520023927000780029130000260036970000320039570000320042794200240045999900190048320250709124549.0 aENG-145803 a9789355328250c745.00 aEN-129335 bDBAD a005.821 aShandilya, Shishir Kumar982831 aCyber Security with Cryptography Essentials/cShishir Kumar Shandilya; Agni Datta [and] David Choi a1 aTamil NadubMcgraw Hill Education Pvt Ltdc2025 aAnjana Complex No: 5/90 A, Butt Road, St Thomas MountbTamil Nadue600016 avpp.c24cm(pb)bIndex aDatta, Agni eAuthor982832 aChoi, David eAuthor982833 2ddccENh005.8mSHA c212274d212274